000 01396cam a2200289 i 4500
003 SA-RiAUC
005 20251015082449.0
008 251013s1998 su a f 00010 ara c
020 _a9960061728
040 _aSA-JeALM
_bara
_cSA-RiAUC
_erda
082 0 4 _a330.121
_qSA-RiAUC
090 _a330.121
_bج س ت
100 1 _aجستنية، درويش صديق.
_eمؤلف.
245 1 0 _aتطبيق القوانين المستمدة من الشريعة الإسلامية على الأعمال المصرفية :
_bدراسة تطبيقية على النظام المصرفي الباكستاني /
_cدرويش صديق جستنية [ومجموعة آخرون].
246 3 0 _aالنظام المصرفي الباكستاني
250 _aالطبعة الأولى.
264 1 _aجدة :
_bمركز الشعر العلمي،
_c1998
300 _a372 صفحة :
_bإيضاحيات ؛
_c24 سم.
336 _aنص
_btxt
_2rdacontent
_3كتاب
337 _aبدون وسيط
_bn
_2rdamedia
338 _aمجلد
_bnc
_2rdacarrier
440 0 _aسلسلة أبحاث مركز الاقتصاد الإسلامي (جامعة الملك عبد العزيز)
_v3
500 _aإهداء من المؤلف درويش صديق جستنية بتاريخ 1419/8/12 هـ
650 7 _aالبنوك الإسلامية
_2aucsh
942 _2ddc
_cBOOK
_n0
949 _aSA-JeALM
_d251013
_umohamedma123
_n1
999 _c12574
_d12574